Spaces

Bibliographic Details
Main Author: DeHaro, Fernando
Other Authors: Omar Fuentes
Format: Book
Published: Arquitectos Mexicanos : 1999
Subjects:

MARC

LEADER 00000cam a2200000 7i4500
001 0000012987
005 20050419.0
020 |a 968515001X 
040 |a INS 
090 0 0 |a NA7244.   |b D44 1999 
100 1 |a DeHaro, Fernando 
245 1 0 |a Spaces   |c Fernando DeHaro 
260 |a Arquitectos Mexicanos :   |b 1999 
300 |a 191p :   |b 29cm 
650 0 0 |a Architecture-Mexico 
700 1 2 |a Omar Fuentes 
999 |a 0000012017   |b BOOK   |c Open Shelf   |e Default branch